Loading...

Marking the new commonwealth

Bibliographic Details
Main Author: Moore, R J
Format: Printed Book
Language:English
Published: Oxford, Clarendon press 1987
Subjects:
LEADER 005180000a22001810004500
015 |a M 
020 |a 0-19820112-5 
041 |a eng 
082 |a 327.410 54 M7 
100 |a Moore, R J 
245 |a Marking the new commonwealth 
260 |a Oxford, Clarendon press 
260 |c 1987 
650 |a Commonwealth 
650 |a International relations 
942 |c BK 
999 |c 137860  |d 137856 
952 |0 0  |1 0  |4 0  |6 327_410000000000000_54_M7  |7 0  |9 136642  |a SIRP  |b SIRP  |d 2017-10-05  |l 0  |o 327.410 54 M7  |p SIRP01673  |r 2017-10-05  |w 2017-10-05  |y BK